[Event "EST ch G14 2019"]
[Site "?"]
[Date "2019.04.21"]
[Round "5.1"]
[White "Blokhin, Sofia"]
[Black "Aksjonova, Alisa"]
[Result "1-0"]
[WhiteElo "1905"]
[BlackElo "1353"]
[PlyCount "95"]
[EventDate "2019.04.18"]
[EventType "swiss"]
[EventRounds "10"]

1. e4 e5 2. Nf3 Nc6 3. d4 exd4 4. Nxd4 Bc5 5. Be3 Qf6 6. c3 Nge7 7. Bc4 O-O 8.
O-O d6 9. Na3 Re8 10. Nab5 Bb6 11. Nxc6 Nxc6 12. Bxb6 cxb6 13. Nc7 Rxe4 14. Bd3
Re7 15. Nxa8 Bf5 16. Bxf5 Qxf5 17. Re1 Rxe1+ 18. Qxe1 g6 19. Nc7 Qc2 20. Qc1
Qe4 21. Qh6 Ne5 22. Ne8 Nf3+ 23. gxf3 Qxe8 24. Qe3 Qb5 25. b3 Qc6 26. Re1 Kf8
27. Qd4 Kg8 28. c4 b5 29. Qe4 Kf8 30. Qxc6 bxc6 31. cxb5 cxb5 32. Kg2 a6 33.
Kg3 g5 34. Kg4 h6 35. Kf5 d5 36. Rd1 d4 37. Rxd4 Ke7 38. h4 f6 39. Re4+ Kf7 40.
h5 a5 41. Re6 b4 42. Rxf6+ Kg7 43. Rg6+ Kh7 44. Kf6 g4 45. Rg7+ Kh8 46. Kg6 g3
47. Rb7 g2 48. Rb8# 1-0

[Event "EST ch G14 2019"]
[Site "?"]
[Date "2019.04.20"]
[Round "6.1"]
[White "Pool, Linda Maria"]
[Black "Blokhin, Sofia"]
[Result "0-1"]
[WhiteElo "1488"]
[BlackElo "1905"]
[PlyCount "54"]
[EventDate "2019.04.18"]
[EventType "swiss"]
[EventRounds "10"]

1. g4 e6 2. Bg2 d5 3. e3 Bd6 4. h3 h6 5. Ne2 Nf6 6. b3 Nc6 7. Bb2 Bd7 8. c4
dxc4 9. bxc4 Na5 10. d3 Bb4+ 11. Nbc3 Bc6 12. f3 Nd7 13. a3 Qh4+ 14. Kf1 Bc5
15. Ne4 Bxe4 16. fxe4 Bxe3 17. Qe1 Qxe1+ 18. Kxe1 Nc5 19. Rd1 O-O-O 20. Bxg7
Rhg8 21. Bf6 Nxd3+ 22. Kf1 Rd7 23. e5 Nxc4 24. Bf3 Bb6 25. Kg2 Ne3+ 26. Kh2
Nxd1 27. Rxd1 Nxe5 0-1

[Event "EST ch G14 2019"]
[Site "?"]
[Date "2019.04.20"]
[Round "5.5"]
[White "Kuzmina, Oleksandra"]
[Black "Vahtras, Elisabeth"]
[Result "1-0"]
[WhiteElo "1157"]
[BlackElo "1000"]
[PlyCount "91"]
[EventDate "2019.04.18"]
[EventType "swiss"]
[EventRounds "10"]

1. d4 d5 2. c4 Nf6 3. cxd5 Qxd5 4. Nc3 Qd6 5. e4 Qc6 6. e5 Nd5 7. Bb5 Nxc3 8.
Bxc6+ Nxc6 9. bxc3 Bf5 10. Nf3 e6 11. Qb3 O-O-O 12. Bg5 Rd7 13. h3 Be7 14. g4
Be4 15. Bxe7 Rxe7 16. Ke2 Bd5 17. c4 Bxf3+ 18. Ke3 Bxh1 19. Rxh1 Rd8 20. d5
Nxe5 21. Kf4 Ng6+ 22. Ke4 Kb8 23. h4 f5+ 24. gxf5 exf5+ 25. Kxf5 Re5+ 26. Kg4
h5+ 27. Kf3 Rf8+ 28. Kg3 Rf4 29. f3 Rff5 30. Qc3 Kc8 31. Re1 b6 32. Rxe5 Nxe5
33. f4 Ng6 34. Qf3 Rxf4 35. Qxf4 Nxf4 36. Kxf4 Kd7 37. Kg5 Ke7 38. Kg6 Kf8 39.
Kxh5 Kg8 40. Kg6 Kh8 41. Kf7 Kh7 42. Ke7 Kg8 43. Kd7 Kf8 44. Kxc7 Ke8 45. d6
Kf7 46. d7 1-0

[Event "EST ch G14 2019"]
[Site "?"]
[Date "2019.04.20"]
[Round "5.3"]
[White "Anis, Dinara"]
[Black "Poluektova, Arina"]
[Result "1-0"]
[WhiteElo "1438"]
[BlackElo "1560"]
[Annotator "Dell"]
[PlyCount "63"]
[EventDate "2019.04.18"]
[EventType "swiss"]
[EventRounds "10"]

1. c4 c5 2. Nf3 e6 3. d4 d5 4. b3 Nc6 5. Nc3 $2 dxc4 6. bxc4 $2 (6. d5 exd5 7.
Nxd5 $17) 6... cxd4 7. Nb5 e5 {Tehtud on vaid mõned käigud ja valgel on juba
päris paha. Ent võitlus alles algab.} 8. e3 dxe3 $4 (8... a6 $1 {võttis
viguri} 9. Na3 Qa5+ 10. Bd2 Qxa3) 9. Qxd8+ Kxd8 10. Bxe3 Bb4+ 11. Nd2 a6 $2 12.
Bb6+ Kd7 13. Nc7 Rb8 14. O-O-O Bd6 $4 (14... Ba3+ 15. Kb1 Ke7 $13) 15. Ne4 Nd4
16. Nxd6 Kxd6 17. c5+ Kc6 18. g3 Bf5 19. Bg2+ Kd7 20. f4 f6 21. fxe5 fxe5 22.
Rhe1 Bg4 23. Rd2 Ke7 24. Rxe5+ Kf6 25. Re4 Ne2+ 26. Kb2 Kf5 27. Rd5+ Kg6 28.
Rxg4+ Kf7 29. Rd7+ Kf8 30. Rgxg7 Ne7 31. Ne6+ Ke8 32. Rgxe7# 1-0

[Event "EST ch G14 2019"]
[Site "?"]
[Date "2019.04.20"]
[Round "5.4"]
[White "Danilina, Diana"]
[Black "Pool, Linda Maria"]
[Result "0-1"]
[WhiteElo "1423"]
[BlackElo "1488"]
[PlyCount "74"]
[EventDate "2019.04.18"]
[EventType "swiss"]
[EventRounds "10"]

1. e4 e6 2. Nf3 d5 3. exd5 exd5 4. d4 c6 5. g3 Bd6 6. Bg2 Ne7 7. O-O O-O 8. Nc3
Bg4 9. Be3 Nd7 10. Qd2 Ng6 11. Rae1 f5 12. h3 Bxf3 13. Bxf3 f4 14. Bxf4 Nxf4
15. gxf4 Bxf4 16. Qd3 Nf6 17. Ne2 Bc7 18. Ng3 Qd6 19. Qf5 Ne4 20. Qg4 Rf4 21.
Qh5 g6 22. Qe5 Qd7 23. Qxf4 Bxf4 24. Ne2 Bc7 25. Kg2 Nd2 26. Rh1 Nxf3 27. Kxf3
Rf8+ 28. Kg2 Qf5 29. Ref1 Qf3+ 30. Kg1 Qxe2 31. c3 Qf3 32. a3 Rf5 33. h4 Rf4
34. Rh3 Rg4+ 35. Rg3 Rxg3+ 36. fxg3 Qxg3+ 37. Kh1 Qh2# 0-1

[Event "EST ch G14 2019"]
[Site "?"]
[Date "2019.04.19"]
[Round "2.1"]
[White "Poluektova, Arina"]
[Black "Blokhin, Sofia"]
[Result "0-1"]
[WhiteElo "1560"]
[BlackElo "1905"]
[PlyCount "112"]
[EventDate "2019.04.18"]
[EventType "swiss"]
[EventRounds "10"]

1. e4 c5 2. d4 cxd4 3. c3 dxc3 4. Nxc3 e6 5. Nf3 Nc6 6. Bf4 d6 7. Bc4 a6 8. a3
Be7 9. Qd2 h6 10. Rd1 e5 11. Bg3 Nf6 12. Qc2 Qc7 13. Bd5 O-O 14. h3 Bd7 15. O-O
Rac8 16. Qd2 Na7 17. Rc1 Qb6 18. Bh4 Nb5 19. Bxf6 Bxf6 20. Ba2 Nxc3 21. Rxc3
Rxc3 22. Qxc3 Rc8 23. Qd2 Qc5 24. Qd5 Be6 25. Qxc5 Rxc5 26. b4 Rc3 27. Bxe6
fxe6 28. Rd1 Be7 29. Ra1 Kf7 30. Kf1 Bf6 31. Ke2 Rc2+ 32. Ke3 d5 33. exd5 exd5
34. Ne1 Rc3+ 35. Kd2 d4 36. Nd3 b6 37. a4 e4 38. Ne1 Bg5+ 39. Kd1 d3 40. g3 Bf6
41. Rb1 Bd4 42. f3 e3 43. a5 b5 44. g4 g5 45. Ra1 Rc2 46. Nxc2 dxc2+ 47. Kxc2
Bxa1 48. Kd3 Ke6 49. Kxe3 Ke5 50. h4 Bc3 51. hxg5 hxg5 52. Kd3 Bxb4 53. Ke3
Bxa5 54. Kd3 Kf4 55. Ke2 b4 56. Kf2 b3 0-1

[Event "EST ch G14 2019"]
[Site "?"]
[Date "2019.04.21"]
[Round "7.5"]
[White "Tammepõld, Laureta"]
[Black "Vahtras, Elisabeth"]
[Result "1-0"]
[WhiteElo "1415"]
[BlackElo "1000"]
[PlyCount "55"]
[EventDate "2019.04.18"]
[EventType "swiss"]
[EventRounds "10"]

1. e4 e5 2. Nf3 Nc6 3. Nc3 Nf6 4. Bb5 a6 5. Bxc6 dxc6 6. Nxe5 Qd4 7. Nf3 Nxe4
8. Nxd4 Nd6 9. O-O Be7 10. d3 O-O 11. Re1 Re8 12. Bf4 c5 13. Nf3 b6 14. Bxd6
cxd6 15. Nd5 Be6 16. Nc7 d5 17. Nxa8 Rxa8 18. d4 h6 19. c3 Rd8 20. Ne5 Rc8 21.
Qe2 c4 22. Ng6 Rc7 23. Nxe7+ Rxe7 24. Qf3 Kf8 25. Re3 b5 26. Rae1 Ke8 27. Qg3
Kd7 28. Qxg7 1-0

[Event "EST ch G14 2019"]
[Site "?"]
[Date "2019.04.20"]
[Round "6.2"]
[White "Anis, Dinara"]
[Black "Rudnik, Viktoria"]
[Result "1-0"]
[WhiteElo "1438"]
[BlackElo "1625"]
[PlyCount "51"]
[EventDate "2019.04.18"]
[EventType "swiss"]
[EventRounds "10"]

1. c4 c5 2. Nf3 Nc6 3. Nc3 Nf6 4. d4 cxd4 5. Nxd4 g6 6. e4 Bg7 7. Nxc6 bxc6 8.
Bd3 d6 9. O-O O-O 10. Be3 d5 11. cxd5 cxd5 12. exd5 Nxd5 13. Be4 Bxc3 14. Bxd5
Bxb2 15. Bxa8 Bxa1 16. Qxd8 Rxd8 17. Rxa1 Bf5 18. Bf3 a6 19. Rd1 Rb8 20. g4 Be6
21. a4 Bb3 22. Rb1 Rb4 23. Bd1 Rxa4 24. Rxb3 Ra1 25. Rb8+ Kg7 26. Bd4+ 1-0

[Event "EST ch G14 2019"]
[Site "?"]
[Date "2019.04.20"]
[Round "6.3"]
[White "Kuzmina, Oleksandra"]
[Black "Smirnova, Jekaterina"]
[Result "0-1"]
[WhiteElo "1157"]
[BlackElo "1603"]
[PlyCount "200"]
[EventDate "2019.04.18"]
[EventType "swiss"]
[EventRounds "10"]

1. d4 d5 2. c4 e6 3. Nc3 c5 4. cxd5 exd5 5. dxc5 d4 6. Na4 Nc6 7. e3 dxe3 8.
Qxd8+ Nxd8 9. Bxe3 Nf6 10. Bb5+ Nc6 11. Bxc6+ bxc6 12. Nf3 Be7 13. O-O O-O 14.
Ne5 Bb7 15. Rfd1 Rfd8 16. Bf4 Nd5 17. g3 Bf6 18. Re1 Nxf4 19. gxf4 Rd4 20. Nc3
Rad8 21. Ne2 R4d5 22. Ng3 Bxe5 23. fxe5 Re8 24. f4 Rxc5 25. b4 Rc4 26. a3 Rxf4
27. Nh5 Rf5 28. Ng3 Rfxe5 29. Rxe5 Rxe5 30. Kf2 Kf8 31. Kf3 Re6 32. Rd1 c5+ 33.
Kf4 cxb4 34. axb4 Rf6+ 35. Ke5 Re6+ 36. Kf4 Bc6 37. Ra1 Re7 38. Nf5 Re4+ 39.
Kg3 g6 40. Nd6 Rd4 41. b5 Rxd6 42. bxc6 Rxc6 43. Rxa7 Rc3+ 44. Kf2 Kg7 45. Ra5
h5 46. h4 Rc2+ 47. Kg3 Rc3+ 48. Kf2 Rc4 49. Kg3 Re4 50. Ra7 Kf6 51. Ra6+ Re6
52. Ra5 Re5 53. Ra6+ Kg7 54. Ra7 Rf5 55. Ra4 Kf6 56. Ra6+ Ke7 57. Ra7+ Kd6 58.
Ra6+ Kc7 59. Ra7+ Kb6 60. Ra3 Kc6 61. Rd3 Rd5 62. Rf3 Rd7 63. Rf6+ Kd5 64. Rf3
Ke4 65. Rf4+ Ke5 66. Rf3 Ke6 67. Re3+ Kf6 68. Rf3+ Kg7 69. Rf4 Rd3+ 70. Kf2
Rd2+ 71. Ke3 Rg2 72. Rf3 Rg4 73. Rh3 Ra4 74. Kd2 Ra2+ 75. Kc1 Rf2 76. Kd1 Rf4
77. Ke2 Kf6 78. Ra3 Rxh4 79. Ra6+ Kg7 80. Ra7 Rf4 81. Ke3 Rf6 82. Ke4 Rf1 83.
Ke3 g5 84. Ra5 Kg6 85. Ra6+ f6 86. Ke2 Rf5 87. Ke3 g4 88. Re6 Re5+ 89. Rxe5
fxe5 90. Ke4 Kf6 91. Ke3 Kf5 92. Kf2 Kf4 93. Kg2 e4 94. Kf2 h4 95. Kg2 e3 96.
Kh1 e2 97. Kg2 e1=Q 98. Kh2 Qe2+ 99. Kh1 Kg3 100. Kg1 Qg2# 0-1

[Event "EST ch G14 2019"]
[Site "?"]
[Date "2019.04.21"]
[Round "7.4"]
[White "Aksjonova, Alisa"]
[Black "Kuzmina, Oleksandra"]
[Result "1-0"]
[WhiteElo "1353"]
[BlackElo "1157"]
[PlyCount "139"]
[EventDate "2019.04.18"]
[EventType "swiss"]
[EventRounds "10"]

1. e4 e5 2. Nf3 Nc6 3. Bc4 Nf6 4. Ng5 d5 5. exd5 Nxd5 6. Bxd5 Qxd5 7. O-O e4 8.
d3 exd3 9. Qxd3 Qxd3 10. cxd3 h6 11. Nf3 g5 12. Re1+ Be6 13. Nc3 O-O-O 14. Rd1
g4 15. Ne1 Bf5 16. Bf4 Nb4 17. d4 Bg7 18. Be5 Bxe5 19. dxe5 Rxd1 20. Rxd1 Nc2
21. Nxc2 Bxc2 22. Rd4 c5 23. Rxg4 Rd8 24. f4 Rd2 25. b3 h5 26. Rg7 Bg6 27. Rg8+
Kc7 28. Ra8 a6 29. Kf1 Bf5 30. Rg8 Bg6 31. Rg7 Rc2 32. Nd5+ Kc6 33. Ne7+ Kd7
34. Nxg6 Rc1+ 35. Kf2 Ke6 36. Nh4 Rc2+ 37. Kf3 Rxa2 38. f5+ Kxe5 39. Rxf7 Ra3
40. Rxb7 c4 41. Ke2 cxb3 42. Re7+ Kf6 43. Re6+ Kf7 44. Re3 Ra2+ 45. Kd1 b2 46.
Rb3 a5 47. Kc2 a4 48. Rxb2 Ra1 49. Rb7+ Kf6 50. Kb2 Rd1 51. Rb4 Rd2+ 52. Ka3
Rd1 53. Kxa4 Ra1+ 54. Kb5 Re1 55. Kc5 Rh1 56. Rb3 Rxh2 57. Rh3 Rxh3 58. gxh3
Kg5 59. Kd5 Kxh4 60. f6 Kxh3 61. f7 h4 62. f8=Q Kh2 63. Qf2+ Kh3 64. Qf5+ Kh2
65. Qg4 Kh1 66. Qxh4+ Kg1 67. Ke4 Kf1 68. Ke3 Kg1 69. Kf3 Kf1 70. Qf2# 1-0

[Event "EST ch G14 2019"]
[Site "?"]
[Date "2019.04.19"]
[Round "3.2"]
[White "Smirnova, Jekaterina"]
[Black "Poluektova, Arina"]
[Result "1/2-1/2"]
[WhiteElo "1603"]
[BlackElo "1560"]
[PlyCount "165"]
[EventDate "2019.04.18"]
[EventType "swiss"]
[EventRounds "10"]

1. d4 c6 2. c4 d5 3. cxd5 cxd5 4. Nc3 Nf6 5. Bf4 Nc6 6. Nf3 Bf5 7. a3 g6 8. e3
a6 9. Be2 Bg7 10. O-O O-O 11. Rc1 Ne4 12. Bd3 Nxc3 13. bxc3 Bxd3 14. Qxd3 Na5
15. e4 e6 16. exd5 exd5 17. Nd2 b5 18. Rfe1 Nc4 19. Nxc4 dxc4 20. Qg3 Qd7 21.
Re2 Rfe8 22. Rce1 Rxe2 23. Rxe2 Re8 24. Rxe8+ Qxe8 25. Qe3 Qxe3 26. fxe3 Bf8
27. Bc7 Bxa3 28. Ba5 Kf8 29. Kf2 Ke7 30. e4 f6 31. Ke3 Kd6 32. g4 Ke6 33. h4 f5
34. gxf5+ gxf5 35. e5 Bc1+ 36. Kf3 Kd5 37. Bb4 Bd2 38. h5 Ke6 39. Ke2 Bc1 40.
Kf3 Kd5 41. Ba5 Ke6 42. Bb4 Bg5 43. Kg3 h6 44. Kf3 Be7 45. d5+ Kd7 46. Bxe7
Kxe7 47. Kf4 a5 48. Kxf5 b4 49. d6+ Ke8 50. e6 bxc3 51. Kf6 c2 52. d7+ Kd8 53.
e7+ Kxd7 54. Kf7 c1=Q 55. e8=Q+ Kd6 56. Qd8+ Kc6 57. Qa8+ Kb5 58. Qb7+ Ka4 59.
Qc6+ Kb3 60. Qb5+ Ka2 61. Qxa5+ Kb3 62. Qb5+ Kc3 63. Qe5+ Kd3 64. Qg3+ Ke2 65.
Qh2+ Kd3 66. Qd6+ Kc2 67. Qg6+ Kc3 68. Kg7 Kb3 69. Qb6+ Ka2 70. Qa6+ Kb1 71.
Qg6+ Ka1 72. Qa6+ Kb1 73. Qg6+ Kb2 74. Qb6+ Kc3 75. Qxh6 Qxh6+ 76. Kxh6 Kb3 77.
Kg6 c3 78. h6 c2 79. h7 c1=Q 80. h8=Q Qg1+ 81. Kf7 Qf2+ 82. Qf6 Qxf6+ 83. Kxf6
1/2-1/2

[Event "EST ch G14 2019"]
[Site "?"]
[Date "2019.04.19"]
[Round "2.5"]
[White "Tammepõld, Laureta"]
[Black "Danilina, Diana"]
[Result "1-0"]
[WhiteElo "1415"]
[BlackElo "1423"]
[Annotator "Dell"]
[PlyCount "87"]
[EventDate "2019.04.18"]
[EventType "swiss"]
[EventRounds "10"]

1. e4 e5 2. Nf3 Nc6 3. Nc3 Bc5 4. Nxe5 Nxe5 5. d4 Bd6 6. dxe5 Bxe5 7. Bd2 Nf6
8. f3 d5 9. Bg5 d4 10. Nd5 O-O 11. Nxf6+ Bxf6 12. Bxf6 Qxf6 13. Bd3 Kh8 14. Rb1
b6 15. Qd2 Bb7 16. O-O Rae8 17. Rbe1 Qd6 18. f4 f6 19. c3 c5 20. Bc2 Rd8 21.
Rd1 Ba6 22. Rf3 g6 23. b3 Qe7 24. Re1 Qg7 25. Bd3 dxc3 26. Qxc3 Bxd3 27. Rxd3
Rxd3 28. Qxd3 Re8 29. g3 h5 30. Kf2 Qf7 31. Kf3 Kg7 32. Rd1 g5 33. f5 Kf8 34.
g4 h4 35. h3 Kg7 36. Qd7 Re7 37. Qd5 Qe8 38. Qc4 Qf7 39. Qxf7+ Kxf7 40. Ke3 Rc7
41. Rd5 Ke7 42. Kd3 a6 43. a4 Rd7 44. Kc4 $138 1-0

[Event "EST ch G14 2019"]
[Site "?"]
[Date "2019.04.19"]
[Round "3.1"]
[White "Blokhin, Sofia"]
[Black "Rudnik, Viktoria"]
[Result "1-0"]
[WhiteElo "1905"]
[BlackElo "1625"]
[PlyCount "99"]
[EventDate "2019.04.18"]
[EventType "swiss"]
[EventRounds "10"]

1. e4 d6 2. d4 Nf6 3. Nc3 e5 4. d5 Be7 5. f3 c6 6. dxc6 bxc6 7. Bc4 Bb7 8. Nge2
d5 9. exd5 cxd5 10. Bb5+ Nbd7 11. Bxd7+ Qxd7 12. Qd3 O-O 13. Bg5 d4 14. Bxf6
Bxf6 15. Ng3 Qe7 16. Nce4 Qb4+ 17. Kf2 Bxe4 18. Nxe4 Be7 19. a3 Qa5 20. Ng3 Bg5
21. Rhe1 Rfc8 22. Re2 Rab8 23. Rb1 Rc7 24. Nf5 Rcb7 25. b4 Qb5 26. Qe4 Qb6 27.
Kf1 Bf6 28. f4 Qa6 29. fxe5 Re8 30. Qd3 Qxd3 31. cxd3 Rxe5 32. Nxd4 Rxe2 33.
Nxe2 g6 34. Ng3 Be7 35. Ne4 a5 36. Nc3 f5 37. bxa5 Ra7 38. Nd5 Bxa3 39. Rb5 Bc1
40. Ke2 Bg5 41. Nb4 Bf6 42. a6 Bc3 43. Rb8+ Kf7 44. Rb7+ Rxb7 45. axb7 Be5 46.
h3 Ke6 47. Nc6 Bc7 48. b8=Q Bxb8 49. Nxb8 Ke5 50. Nd7+ 1-0

[Event "EST ch G14 2019"]
[Site "?"]
[Date "2019.04.19"]
[Round "4.4"]
[White "Vahtras, Elisabeth"]
[Black "Anis, Dinara"]
[Result "0-1"]
[WhiteElo "1000"]
[BlackElo "1438"]
[PlyCount "72"]
[EventDate "2019.04.18"]
[EventType "swiss"]
[EventRounds "10"]

1. e4 c5 2. Nf3 Nc6 3. Nc3 g6 4. d3 Bg7 5. Bd2 d6 6. Nd5 e6 7. Nf4 Nf6 8. c3
O-O 9. d4 Nxe4 10. Be3 e5 11. Nd5 Be6 12. Bc4 cxd4 13. cxd4 b5 14. Bb3 a5 15.
Qd3 a4 16. Qxb5 axb3 17. Qxc6 Qa5+ 18. Bd2 Nxd2 19. Nxd2 Qxd5 20. Qxd5 Bxd5 21.
O-O bxa2 22. dxe5 Bxe5 23. Nb1 Bxb2 24. Nd2 Bxa1 25. Rxa1 Rfb8 26. h3 Rb2 27.
Nf1 Rb1 28. Rxa2 Rxa2 29. g4 Bc4 30. Kg2 Rxf1 31. Kg3 Raxf2 32. Kh4 Rg1 33. Kg5
f6+ 34. Kh4 g5+ 35. Kh5 Rh2 36. Kh6 Rxh3# 0-1

[Event "EST ch G14 2019"]
[Site "?"]
[Date "2019.04.18"]
[Round "1.1"]
[White "Blokhin, Sofia"]
[Black "Anis, Dinara"]
[Result "1-0"]
[WhiteElo "1905"]
[BlackElo "1438"]
[Annotator "Dell"]
[PlyCount "95"]
[EventDate "2019.04.18"]
[EventType "swiss"]
[EventRounds "10"]

1. e4 e6 2. d4 d5 3. e5 c5 4. c3 Nc6 5. Nf3 Qb6 6. a3 c4 7. Nbd2 f6 8. exf6
Nxf6 9. Be2 Bd6 10. O-O O-O 11. Qc2 Ne7 12. Re1 Ng6 13. Nf1 Bf4 14. Ne3 Bh6 15.
g3 Qb3 16. Qxb3 cxb3 17. Bd1 Bd7 18. Bxb3 Ne4 19. Kg2 (19. Bd1 Rf7 20. Ng4 Bxc1
21. Rxc1 Raf8 22. Nge5 Nxe5 23. Nxe5 $18) 19... Rf7 20. Bd1 (20. Nxd5 Bxc1 21.
Raxc1 exd5 22. Bxd5 Nf6 23. Bxf7+ Kxf7 24. c4 $18) 20... Raf8 21. h4 Ba4 $1 22.
Bxa4 (22. Be2 Bb5 23. Bxb5 Rxf3 24. Nd1 Nxf2 25. Bxh6 gxh6 26. Rf1 Nd3 27. Rxf3
Ne1+ 28. Kf1 Nxf3 29. Nf2 $14) 22... Rxf3 23. Ng4 (23. Nd1 $11) 23... Bxc1 24.
Raxc1 h5 25. Bd1 R3f7 (25... hxg4 26. Bxf3 gxf3+ 27. Kf1 Ne7 $19) 26. f3 Nxc3
27. Nh6+ gxh6 28. Rxc3 Rg7 29. Kf2 Re8 30. f4 Kh7 31. Bxh5 Rgg8 32. f5 Ref8 33.
Rxe6 Rxf5+ 34. Bf3 Rgf8 35. Ke2 R8f7 36. Ree3 Nf8 37. Rc5 Nd7 38. Rxd5 Rxd5 39.
Bxd5 Rg7 40. Bxb7 Nc5 41. dxc5 Rxb7 42. b4 a5 43. Re4 axb4 44. axb4 h5 45. c6
Rb6 46. Rc4 Rb8 47. c7 Rc8 48. b5 1-0

[Event "EST ch G14 2019"]
[Site "?"]
[Date "2019.04.27"]
[Round "1.2"]
[White "Danilina, Diana"]
[Black "Rudnik, Viktoria"]
[Result "0-1"]
[WhiteElo "1423"]
[BlackElo "1625"]
[PlyCount "120"]
[EventDate "2019.04.18"]
[EventType "swiss"]
[EventRounds "10"]

1. e4 c5 2. Nf3 e6 3. Nc3 a6 4. d4 cxd4 5. Nxd4 Qc7 6. Bd3 Nf6 7. O-O Be7 8.
Re1 d6 9. Bg5 O-O 10. Nf3 Nc6 11. Qe2 Re8 12. Rad1 b5 13. e5 dxe5 14. Nxe5 Qxe5
15. Qxe5 Nxe5 16. Rxe5 Nd7 17. Be4 Nxe5 18. Bxe7 Ra7 19. Bd6 Nc4 20. b3 Nxd6
21. Rxd6 Rd7 22. Rb6 Rd4 23. Bd3 Red8 24. Rc6 e5 25. f3 f5 26. a3 g6 27. g3 Kf7
28. Kf2 Bb7 29. Rb6 R8d7 30. a4 b4 31. Ne2 R4d6 32. Rxb4 a5 33. Rb5 Ba6 34.
Bc4+ Kf6 35. Rc5 Bxc4 36. Rxc4 Rd5 37. h4 Ke6 38. Ke1 Kd6 39. Nc3 Rc5 40. Nb5+
Kc6 41. Rxc5+ Kxc5 42. c3 Rd3 43. Ke2 Rd7 44. Ke3 Re7 45. f4 e4 46. Nd4 Rd7 47.
Ne6+ Kd5 48. Nd4 Rc7 49. c4+ Kd6 50. Nb5+ Kc6 51. Nxc7 Kxc7 52. Kd4 Kc6 53. c5
Kc7 54. Ke3 Kb7 55. Kd4 Kc6 56. b4 axb4 57. a5 b3 58. a6 b2 59. a7 Kb7 60. c6+
Kxa7 0-1

[Event "EST ch G14 2019"]
[Site "?"]
[Date "2019.04.18"]
[Round "1.3"]
[White "Smirnova, Jekaterina"]
[Black "Tammepõld, Laureta"]
[Result "1-0"]
[WhiteElo "1603"]
[BlackElo "1415"]
[PlyCount "117"]
[EventDate "2019.04.18"]
[EventType "swiss"]
[EventRounds "10"]

1. c4 e5 2. Nc3 Nf6 3. d3 Nc6 4. Nf3 d6 5. e4 Bg4 6. Be2 Bxf3 7. Bxf3 Nd4 8.
Be3 c5 9. O-O Nxf3+ 10. Qxf3 h6 11. a3 b6 12. Rab1 a6 13. b4 Rb8 14. bxc5 bxc5
15. Rxb8 Qxb8 16. Rb1 Qc7 17. h3 Be7 18. Qd1 O-O 19. Qb3 Rc8 20. Qb7 Qxb7 21.
Rxb7 Bf8 22. f4 exf4 23. Bxf4 Rc6 24. Nd5 Nxd5 25. exd5 Rc8 26. Rb6 Rd8 27.
Rxa6 g5 28. Bh2 f5 29. Kf2 f4 30. g3 fxg3+ 31. Bxg3 Be7 32. a4 h5 33. Ra7 Bf6
34. Kf3 Be5 35. Bxe5 dxe5 36. Ke4 g4 37. hxg4 hxg4 38. Rb7 Rf8 39. Rb2 Kh7 40.
Rg2 Rf4+ 41. Kxe5 Rd4 42. Rg3 Kg6 43. a5 Kg5 44. a6 Rf4 45. a7 Rf8 46. d6 Re8+
47. Kd5 Kh4 48. d7 Ra8 49. Rg1 g3 50. Kxc5 Kh3 51. Kb6 g2 52. Kb7 Rf8 53. a8=Q
Rxa8 54. Kxa8 Kh2 55. Rxg2+ Kxg2 56. d8=Q Kf3 57. Qe7 Kf4 58. Kb7 Kf5 59. Kc6
1-0

[Event "EST ch G14 2019"]
[Site "?"]
[Date "2019.04.18"]
[Round "1.4"]
[White "Aksjonova, Alisa"]
[Black "Poluektova, Arina"]
[Result "0-1"]
[WhiteElo "1353"]
[BlackElo "1560"]
[PlyCount "122"]
[EventDate "2019.04.18"]
[EventType "swiss"]
[EventRounds "10"]

1. e4 c5 2. Nf3 e6 3. d4 cxd4 4. Nxd4 Qb6 5. Nc3 Bc5 6. Na4 Qa5+ 7. c3 Bxd4 8.
Qxd4 e5 9. Qb4 Qxb4 10. cxb4 Nc6 11. a3 Nd4 12. Bd3 Nb3 13. Rb1 Ne7 14. Be3 Nc6
15. Nc5 Nxc5 16. Bxc5 b6 17. b5 bxc5 18. bxc6 dxc6 19. Rc1 Rb8 20. Rxc5 Rxb2
21. Rxe5+ Kd8 22. O-O Re8 23. Ra5 Re7 24. Rd1 Rd7 25. Ra4 Rb3 26. Be2 Rxd1+ 27.
Bxd1 Rb1 28. Rd4+ Kc7 29. f3 Ra1 30. a4 Ba6 31. Kf2 Ra2+ 32. Ke3 Rxg2 33. Bb3
g5 34. Rd2 Rxd2 35. Kxd2 f6 36. Bg8 h6 37. Ke3 Kd6 38. Bh7 Kc5 39. Bf5 Kb4 40.
Bd7 c5 41. f4 c4 42. f5 c3 43. e5 fxe5 44. f6 Bc4 45. Bb5 Bf7 46. Bd3 Kb3 47.
Ke4 c2 48. Bxc2+ Kxc2 49. Kxe5 Kb3 50. Kd6 Kxa4 51. Kc6 a5 52. Kc5 Kb3 53. Kb5
a4 54. Kc5 a3 55. Kd6 a2 56. Ke7 Bh5 57. Kf8 a1=Q 58. Kg7 Qa7+ 59. Kxh6 Qf7 60.
Kxg5 Qg6+ 61. Kh4 Qg4# 0-1

[Event "EST ch G14 2019"]
[Site "?"]
[Date "2019.04.18"]
[Round "1.5"]
[White "Pool, Linda Maria"]
[Black "Kuzmina, Oleksandra"]
[Result "1-0"]
[WhiteElo "1488"]
[BlackElo "1157"]
[PlyCount "47"]
[EventDate "2019.04.18"]
[EventType "swiss"]
[EventRounds "10"]

1. e4 d5 2. exd5 Qxd5 3. Nc3 Qd8 4. Nf3 Nc6 5. Be2 Nd4 6. Nxd4 Qxd4 7. O-O Nf6
8. Nb5 Qd5 9. Nxc7+ Kd8 10. Nxd5 Nxd5 11. d4 e6 12. c4 Nc7 13. d5 e5 14. c5
Bxc5 15. d6 Ne6 16. Bg4 g6 17. Bxe6 fxe6 18. Re1 Rf8 19. Be3 Bb4 20. Bg5+ Kd7
21. Qa4+ Kxd6 22. Qxb4+ Kc7 23. Rac1+ Kb8 24. Qd6# 1-0

[Event "EST ch G14 2019"]
[Site "?"]
[Date "2019.04.19"]
[Round "4.3"]
[White "Poluektova, Arina"]
[Black "Pool, Linda Maria"]
[Result "1-0"]
[WhiteElo "1560"]
[BlackElo "1488"]
[PlyCount "131"]
[EventDate "2019.04.18"]
[EventType "swiss"]
[EventRounds "10"]

1. e4 e6 2. Nf3 d5 3. exd5 exd5 4. d4 Nc6 5. Nc3 Nf6 6. Bb5 a6 7. Ba4 Bd6 8.
Bb3 Bb4 9. O-O O-O 10. Bg5 Bg4 11. Bxf6 gxf6 12. Nxd5 Bd6 13. h3 Bh5 14. c3 Kh8
15. g4 Bg6 16. Nd2 Rg8 17. Qf3 f5 18. Rfe1 fxg4 19. hxg4 f5 20. Ne3 fxg4 21.
Nxg4 Rg7 22. Qf6 Qxf6 23. Nxf6 Be4+ 24. Kf1 Bd3+ 25. Re2 Bxe2+ 26. Kxe2 Rf8 27.
Nfe4 Re7 28. Rh1 Bf4 29. Bc2 Rd8 30. Rh4 Bg5 31. Rh1 Na5 32. Kd1 Bxd2 33. Kxd2
Nc4+ 34. Kc1 Rg8 35. Nf6 Rgg7 36. b3 Nd6 37. Kb2 Ne8 38. Nxe8 Rxe8 39. Bd3 Rf8
40. Rh2 Rd8 41. Be4 c6 42. Kc2 Re8 43. Kd3 Rge7 44. f3 Rg7 45. Rh3 Rd8 46. f4
Rd6 47. f5 Rf6 48. c4 Rd7 49. d5 cxd5 50. cxd5 Rc7 51. Kd4 Re7 52. Rc3 Kg7 53.
Rc8 Rd7 54. Re8 h5 55. Re6 h4 56. Ke5 Rh6 57. Rxh6 Kxh6 58. Ke6 Rc7 59. d6 Rc1
60. d7 Rd1 61. f6 Kh5 62. f7 Re1 63. f8=Q Rxe4+ 64. Kd6 Rd4+ 65. Ke5 Rd1 66.
Qf3+ 1-0

[Event "EST ch G14 2019"]
[Site "?"]
[Date "2019.04.19"]
[Round "4.5"]
[White "Tammepõld, Laureta"]
[Black "Aksjonova, Alisa"]
[Result "0-1"]
[WhiteElo "1415"]
[BlackElo "1353"]
[Annotator "Dell"]
[PlyCount "98"]
[EventDate "2019.04.18"]
[EventType "swiss"]
[EventRounds "10"]

1. e4 e5 2. Nf3 Nc6 3. Nc3 Bc5 4. Nxe5 Nxe5 5. d4 Bxd4 6. Qxd4 Qf6 7. Qd1 (7.
Nb5 Kd8 8. Qc5 Nc6 9. Qf8# {1-0 (9) Capablanca,J-Adams,E Washington DC 1909})
7... d6 8. f3 b6 9. Nd5 Qd8 10. b3 Nf6 11. Bb2 Nxd5 12. exd5 O-O 13. Qd4 Qg5
14. h4 Qf6 15. O-O-O Re8 16. Bb5 Bd7 17. Bxd7 Nxd7 18. Qxf6 Nxf6 19. Bxf6 gxf6
20. Rhe1 f5 21. Kd2 Kf8 22. Re2 Rxe2+ 23. Kxe2 Re8+ 24. Kd2 Kg7 25. Re1 Rxe1
26. Kxe1 Kf6 27. Ke2 Ke5 28. c4 Kd4 29. Kd2 h5 30. g3 b5 31. g4 fxg4 32. fxg4
hxg4 33. h5 bxc4 34. bxc4 Ke5 35. h6 Kf6 36. h7 Kg7 37. h8=Q+ Kxh8 38. Ke3 f5
39. Kf4 Kg7 40. Kxf5 g3 41. Ke6 g2 42. Kd7 g1=Q 43. Kxc7 Qc5+ 44. Kd7 a5 45.
Ke6 a4 46. Kd7 Qxc4 47. Kxd6 Qxa2 48. Ke5 Qxd5+ 49. Kxd5 a3 0-1

[Event "EST ch G14 2019"]
[Site "?"]
[Date "2019.04.20"]
[Round "5.2"]
[White "Rudnik, Viktoria"]
[Black "Smirnova, Jekaterina"]
[Result "1/2-1/2"]
[WhiteElo "1625"]
[BlackElo "1603"]
[Annotator "Dell"]
[PlyCount "72"]
[EventDate "2019.04.18"]
[EventType "swiss"]
[EventRounds "10"]

1. d4 d5 2. Bf4 e6 3. e3 c5 4. c3 Nc6 5. Nd2 Nf6 6. Bd3 Be7 7. Ngf3 h6 8. h3 c4
9. Bc2 b5 10. Ne5 Bb7 11. O-O Nxe5 12. Bxe5 Bd6 13. Bxd6 Qxd6 14. Re1 O-O 15.
e4 dxe4 16. Nxe4 Nxe4 17. Bxe4 Bd5 18. Qh5 a6 19. Bxd5 Qxd5 20. Qxd5 exd5 21.
Re5 Rad8 22. Rae1 Rd6 23. f4 Kh7 24. Re7 Kg8 25. f5 Rfd8 26. g4 Kf8 27. Ra7
R8d7 28. Ra8+ Rd8 29. Rxd8+ Rxd8 30. Re5 Rd6 31. Kf2 g6 32. Kg3 f6 33. Re2 g5
34. h4 Kf7 35. h5 a5 36. Kf2 Rb6 1/2-1/2